[Event "World Youth & Cadets Blitz Championships"]
[Site "Rhodes, Greece"]
[Date "2022.05.03"]
[Round "1.15"]
[White "Rajandu, Aaron"]
[Black "Dotzer, Lukas"]
[Result "0-1"]
[TimeControl "5'/game & 2\"/move"]
[WhiteElo "1402"]
[BlackElo "2026"]

1. e4 {[%clk 00:05:03]} {[%emt 00:00:01]} c5 {[%clk 00:05:03]} {[%emt
00:00:02]} 2. Nf3 {[%clk 00:05:03]} {[%emt 00:00:02]} d6 {[%clk 00:05:04]} 3.
d4 {[%clk 00:05:01]} {[%emt 00:00:03]} cxd4 {[%clk 00:05:03]} {[%emt 00:00:02]}
4. Nxd4 {[%clk 00:05:02]} {[%emt 00:00:02]} Nf6 {[%clk 00:05:04]} {[%emt
00:00:02]} 5. Nc3 {[%clk 00:05:02]} {[%emt 00:00:01]} a6 {[%clk 00:05:05]}
{[%emt 00:00:02]} 6. Be3 {[%clk 00:05:00]} {[%emt 00:00:04]} e6 {[%clk
00:05:03]} {[%emt 00:00:03]} 7. Qd2 {[%clk 00:04:58]} {[%emt 00:00:04]} b5
{[%clk 00:04:55]} {[%emt 00:00:10]} 8. f3 {[%clk 00:04:49]} {[%emt 00:00:11]}
Bb7 {[%clk 00:04:55]} {[%emt 00:00:03]} 9. O-O-O {[%clk 00:04:48]} {[%emt
00:00:03]} Nbd7 {[%clk 00:04:53]} {[%emt 00:00:04]} 10. g4 {[%clk 00:04:43]}
{[%emt 00:00:06]} h6 {[%clk 00:04:53]} {[%emt 00:00:02]} 11. h4 {[%clk
00:04:42]} {[%emt 00:00:03]} Qc7 {[%clk 00:04:42]} {[%emt 00:00:12]} 12. Be2
{[%clk 00:04:32]} {[%emt 00:00:11]} Ne5 {[%clk 00:04:07]} {[%emt 00:00:39]} 13.
g5 {[%clk 00:04:04]} {[%emt 00:00:30]} Nh5 {[%clk 00:03:59]} {[%emt 00:00:10]}
14. f4 {[%clk 00:03:56]} {[%emt 00:00:10]} Nc4 {[%clk 00:03:59]} {[%emt
00:00:02]} 15. Bxc4 {[%clk 00:03:46]} {[%emt 00:00:12]} Qxc4 {[%clk 00:03:52]}
{[%emt 00:00:09]} 16. Rhg1 {[%clk 00:03:27]} {[%emt 00:00:21]} b4 {[%clk
00:03:34]} {[%emt 00:00:20]} 17. Nb1 {[%clk 00:02:58]} {[%emt 00:00:31]} Bxe4
{[%clk 00:02:56]} {[%emt 00:00:40]} 18. b3 {[%clk 00:02:14]} {[%emt 00:00:46]}
Qc7 {[%clk 00:02:39]} {[%emt 00:00:19]} 19. Qxb4 {[%clk 00:02:07]} {[%emt
00:00:09]} Rc8 {[%clk 00:02:00]} {[%emt 00:00:40]} 20. Qa4+ {[%clk 00:01:54]}
{[%emt 00:00:16]} Qd7 {[%clk 00:01:21]} {[%emt 00:00:41]} 21. Qxd7+ {[%clk
00:01:42]} {[%emt 00:00:14]} Kxd7 {[%clk 00:01:22]} {[%emt 00:00:01]} 22. Nd2
{[%clk 00:01:40]} {[%emt 00:00:04]} Bg6 {[%clk 00:00:46]} {[%emt 00:00:38]} 23.
Nc4 {[%clk 00:01:36]} {[%emt 00:00:06]} Rc7 {[%clk 00:00:36]} {[%emt 00:00:12]}
24. Nf3 {[%clk 00:01:19]} {[%emt 00:00:18]} Be4 {[%clk 00:00:22]} {[%emt
00:00:16]} 25. Nfe5+ {[%clk 00:01:03]} {[%emt 00:00:19]} Kc8 {[%clk 00:00:17]}
{[%emt 00:00:07]} 26. Bb6 {[%clk 00:00:58]} {[%emt 00:00:07]} dxe5 {[%clk
00:00:16]} {[%emt 00:00:03]} 27. Bxc7 {[%clk 00:00:55]} {[%emt 00:00:05]} Kxc7
{[%clk 00:00:15]} {[%emt 00:00:03]} 28. Nxe5 {[%emt 00:00:03]} Nxf4 {[%clk
00:00:15]} {[%emt 00:00:02]} 29. Rge1 {[%clk 00:00:39]} {[%emt 00:00:17]} Ba3+
{[%clk 00:00:15]} {[%emt 00:00:03]} 30. Kb1 {[%clk 00:00:37]} {[%emt 00:00:03]}
Nd5 {[%clk 00:00:14]} {[%emt 00:00:03]} 31. Rd2 {[%clk 00:00:10]} {[%emt
00:00:29]} Bb4 {[%clk 00:00:12]} {[%emt 00:00:04]} 32. Rxe4 {[%clk 00:00:05]}
{[%emt 00:00:07]} Bxd2 {[%clk 00:00:10]} {[%emt 00:00:04]} 33. Nxf7 {[%clk
00:00:05]} {[%emt 00:00:02]} Nc3+ {[%clk 00:00:10]} {[%emt 00:00:02]} 34. Kb2
{[%clk 00:00:06]} {[%emt 00:00:01]} Nxe4 {[%clk 00:00:10]} {[%emt 00:00:02]} 35.
Nxh8 {[%clk 00:00:07]} hxg5 {[%clk 00:00:10]} {[%emt 00:00:03]} 36. hxg5 {[%clk
00:00:07]} Bxg5 {[%clk 00:00:10]} {[%emt 00:00:02]} 37. Ng6 {[%clk 00:00:07]}
{[%emt 00:00:02]} Bf6+ {[%clk 00:00:11]} 38. Kc1 {[%clk 00:00:07]} {[%emt
00:00:02]} Kd6 {[%clk 00:00:11]} {[%emt 00:00:03]} 39. Nf4 {[%clk 00:00:08]}
Bg5 {[%clk 00:00:12]} {[%emt 00:00:02]} 0-1

[Event "World Youth & Cadets Blitz Championships"]
[Site "Rhodes, Greece"]
[Date "2022.05.03"]
[Round "1.16"]
[White "Kuru, Atilla"]
[Black "Marinidis, Stavros"]
[Result "1-0"]
[TimeControl "5'/game & 2\"/move"]
[WhiteElo "2023"]
[BlackElo "1395"]

1. e4 {[%clk 00:05:03]} e5 {[%clk 00:05:03]} {[%emt 00:00:01]} 2. f4 {[%clk
00:05:03]} {[%emt 00:00:01]} exf4 {[%clk 00:05:02]} {[%emt 00:00:03]} 3. Nf3
{[%clk 00:05:04]} d5 {[%clk 00:04:51]} {[%emt 00:00:13]} 4. exd5 {[%clk
00:05:04]} {[%emt 00:00:02]} Qxd5 {[%clk 00:04:50]} {[%emt 00:00:02]} 5. Nc3
{[%clk 00:05:05]} {[%emt 00:00:02]} Qd8 {[%clk 00:04:50]} {[%emt 00:00:02]} 6.
Bc4 {[%clk 00:05:06]} {[%emt 00:00:01]} Bg4 {[%clk 00:04:46]} {[%emt 00:00:07]}
7. Bxf7+ {[%clk 00:05:03]} {[%emt 00:00:04]} Kxf7 {[%clk 00:04:44]} {[%emt
00:00:04]} 8. Ne5+ {[%clk 00:05:04]} {[%emt 00:00:01]} Ke8 {[%clk 00:04:45]}
{[%emt 00:00:01]} 9. Qxg4 {[%clk 00:05:02]} {[%emt 00:00:04]} Nf6 {[%clk
00:04:40]} {[%emt 00:00:07]} 10. Qxf4 {[%clk 00:04:55]} {[%emt 00:00:09]} Bd6
{[%clk 00:04:40]} {[%emt 00:00:03]} 11. O-O {[%clk 00:04:41]} {[%emt 00:00:16]}
Nbd7 {[%clk 00:04:25]} {[%emt 00:00:16]} 12. d4 {[%clk 00:04:42]} {[%emt
00:00:01]} c5 {[%clk 00:04:19]} {[%emt 00:00:09]} 13. Qf3 {[%clk 00:04:24]}
{[%emt 00:00:19]} cxd4 {[%clk 00:04:12]} {[%emt 00:00:10]} 14. Nxd7 {[%clk
00:04:24]} {[%emt 00:00:02]} Qxd7 {[%clk 00:04:10]} {[%emt 00:00:04]} 15. Ne4
{[%clk 00:04:21]} {[%emt 00:00:05]} Be5 {[%emt 00:00:14]} 16. Nc5 {[%clk
00:04:15]} {[%emt 00:00:03]} Qc7 {[%clk 00:03:37]} {[%emt 00:00:25]} 17. Qxb7
{[%clk 00:04:14]} {[%emt 00:00:05]} Bxh2+ {[%clk 00:03:26]} {[%emt 00:00:14]}
18. Kh1 {[%clk 00:04:15]} {[%emt 00:00:01]} Qxb7 {[%clk 00:03:19]} {[%emt
00:00:09]} 19. Nxb7 {[%clk 00:04:16]} Bc7 {[%clk 00:03:11]} {[%emt 00:00:09]}
20. Nc5 {[%clk 00:04:16]} {[%emt 00:00:02]} Kf7 {[%clk 00:03:06]} {[%emt
00:00:07]} 21. Bg5 {[%clk 00:04:05]} {[%emt 00:00:13]} Rhe8 {[%clk 00:03:01]}
{[%emt 00:00:07]} 22. Rae1 {[%clk 00:04:04]} {[%emt 00:00:04]} Bb6 {[%clk
00:02:50]} {[%emt 00:00:13]} 23. Nd3 {[%clk 00:04:02]} {[%emt 00:00:03]} h6
{[%clk 00:02:46]} {[%emt 00:00:06]} 24. Bxf6 {[%clk 00:03:56]} {[%emt
00:00:08]} gxf6 {[%clk 00:02:46]} {[%emt 00:00:02]} 25. Ne5+ {[%clk 00:03:57]}
{[%emt 00:00:02]} Kg7 {[%clk 00:02:41]} {[%emt 00:00:07]} 26. Nd7 {[%clk
00:03:49]} {[%emt 00:00:09]} Rxe1 {[%clk 00:02:27]} {[%emt 00:00:17]} 27. Rxe1
{[%clk 00:03:49]} {[%emt 00:00:01]} Kf7 {[%clk 00:02:28]} {[%emt 00:00:01]} 28.
Rf1 {[%clk 00:03:42]} {[%emt 00:00:09]} Bd8 {[%clk 00:02:23]} {[%emt 00:00:07]}
29. Ne5+ {[%clk 00:03:40]} {[%emt 00:00:04]} Ke6 {[%clk 00:02:22]} {[%emt
00:00:03]} 30. Nf3 {[%clk 00:03:36]} {[%emt 00:00:06]} Bb6 {[%clk 00:02:19]}
{[%emt 00:00:06]} 31. Re1+ {[%clk 00:03:34]} {[%emt 00:00:04]} Kf5 {[%clk
00:02:17]} {[%emt 00:00:04]} 32. Kh2 {[%clk 00:03:33]} {[%emt 00:00:02]} Rc8
{[%clk 00:02:08]} {[%emt 00:00:11]} 33. Rf1 {[%clk 00:03:29]} {[%emt 00:00:06]}
Ke6 {[%clk 00:01:59]} {[%emt 00:00:12]} 34. Ne1 {[%clk 00:03:13]} {[%emt
00:00:18]} Rc5 {[%clk 00:01:49]} {[%emt 00:00:12]} 35. Kg3 {[%clk 00:02:54]}
{[%emt 00:00:21]} Rg5+ {[%clk 00:01:45]} {[%emt 00:00:06]} 36. Kf3 {[%clk
00:02:54]} {[%emt 00:00:01]} Rf5+ {[%clk 00:01:28]} {[%emt 00:00:19]} 37. Ke2
{[%clk 00:02:55]} {[%emt 00:00:01]} Re5+ {[%clk 00:01:23]} {[%emt 00:00:07]} 38.
Kd1 {[%clk 00:02:51]} {[%emt 00:00:06]} f5 {[%clk 00:01:18]} {[%emt 00:00:07]}
39. Nd3 {[%clk 00:02:52]} {[%emt 00:00:01]} Re4 {[%clk 00:01:11]} {[%emt
00:00:09]} 40. a4 {[%clk 00:02:47]} {[%emt 00:00:07]} a5 {[%clk 00:01:07]}
{[%emt 00:00:07]} 41. Rh1 {[%clk 00:02:43]} {[%emt 00:00:05]} Rg4 {[%clk
00:00:58]} {[%emt 00:00:12]} 42. Rxh6+ {[%clk 00:02:43]} {[%emt 00:00:02]} Kd5
{[%clk 00:00:57]} {[%emt 00:00:02]} 43. Rxb6 {[%clk 00:02:42]} {[%emt
00:00:03]} Rxg2 {[%clk 00:00:56]} {[%emt 00:00:03]} 44. Rb5+ {[%clk 00:02:42]}
{[%emt 00:00:02]} Kd6 {[%clk 00:00:52]} {[%emt 00:00:06]} 45. Rxf5 {[%clk
00:02:42]} {[%emt 00:00:02]} Rg1+ {[%clk 00:00:50]} {[%emt 00:00:04]} 46. Kd2
{[%clk 00:02:42]} {[%emt 00:00:02]} Rg2+ {[%clk 00:00:51]} {[%emt 00:00:02]} 47.
Rf2 {[%clk 00:02:38]} {[%emt 00:00:05]} Rg5 {[%clk 00:00:50]} {[%emt 00:00:03]}
48. Rh2 {[%clk 00:02:35]} {[%emt 00:00:05]} Kc6 {[%clk 00:00:47]} {[%emt
00:00:06]} 49. b3 {[%clk 00:02:35]} {[%emt 00:00:02]} Rf5 {[%clk 00:00:46]}
{[%emt 00:00:03]} 50. Rh6+ {[%clk 00:02:34]} {[%emt 00:00:02]} Kc7 {[%clk
00:00:40]} {[%emt 00:00:07]} 51. Kc1 {[%clk 00:02:30]} {[%emt 00:00:07]} Rf1+
{[%clk 00:00:37]} {[%emt 00:00:06]} 52. Kb2 {[%clk 00:02:31]} {[%emt 00:00:01]}
Rf5 {[%clk 00:00:37]} {[%emt 00:00:02]} 53. Re6 {[%clk 00:02:30]} {[%emt
00:00:02]} Kd7 {[%clk 00:00:33]} {[%emt 00:00:07]} 54. Re5 {[%clk 00:02:31]}
{[%emt 00:00:01]} Rxe5 {[%clk 00:00:30]} {[%emt 00:00:04]} 55. Nxe5+ {[%clk
00:02:31]} {[%emt 00:00:01]} 1-0

[Event "World Youth & Cadets Blitz Championships"]
[Site "Rhodes, Greece"]
[Date "2022.05.03"]
[Round "1.17"]
[White "Mroczkowski, Adam"]
[Black "Korelskiy, Egor"]
[Result "0-1"]
[TimeControl "5'/game & 2\"/move"]
[WhiteElo "1392"]
[BlackElo "1993"]

1. e4 {[%clk 00:05:03]} c5 {[%clk 00:05:03]} {[%emt 00:00:01]} 2. Nf3 {[%clk
00:05:04]} {[%emt 00:00:01]} e6 {[%clk 00:05:04]} {[%emt 00:00:02]} 3. d4
{[%clk 00:05:05]} cxd4 {[%clk 00:05:05]} {[%emt 00:00:01]} 4. Nxd4 {[%clk
00:05:05]} {[%emt 00:00:01]} a6 {[%clk 00:05:06]} {[%emt 00:00:01]} 5. Nc3
{[%clk 00:05:06]} {[%emt 00:00:02]} Qc7 {[%clk 00:05:07]} {[%emt 00:00:01]} 6.
Be3 {[%clk 00:05:03]} {[%emt 00:00:04]} Nf6 {[%clk 00:05:07]} {[%emt 00:00:02]}
7. Be2 {[%clk 00:05:02]} {[%emt 00:00:03]} Bb4 {[%clk 00:05:03]} {[%emt
00:00:07]} 8. Qd3 {[%clk 00:04:45]} {[%emt 00:00:18]} Bxc3+ {[%clk 00:05:02]}
{[%emt 00:00:03]} 9. bxc3 {[%clk 00:04:46]} {[%emt 00:00:02]} Nxe4 {[%clk
00:05:00]} {[%emt 00:00:04]} 10. Bd2 {[%clk 00:04:35]} {[%emt 00:00:13]} Nxd2
{[%clk 00:04:54]} {[%emt 00:00:08]} 11. Qxd2 {[%clk 00:04:35]} {[%emt
00:00:02]} d5 {[%clk 00:04:52]} {[%emt 00:00:03]} 12. O-O {[%clk 00:04:34]}
{[%emt 00:00:03]} O-O {[%clk 00:04:52]} {[%emt 00:00:02]} 13. Rab1 {[%clk
00:04:32]} {[%emt 00:00:05]} Bd7 {[%clk 00:04:46]} {[%emt 00:00:08]} 14. Rb2
{[%clk 00:04:30]} {[%emt 00:00:04]} Nc6 {[%clk 00:04:43]} {[%emt 00:00:04]} 15.
Rfb1 {[%clk 00:04:27]} {[%emt 00:00:05]} Rab8 {[%clk 00:04:42]} {[%emt
00:00:04]} 16. Nxc6 {[%clk 00:04:21]} {[%emt 00:00:06]} Qxc6 {[%clk 00:04:35]}
{[%emt 00:00:10]} 17. Rb6 {[%clk 00:04:17]} {[%emt 00:00:07]} Qc7 {[%clk
00:04:33]} {[%emt 00:00:04]} 18. Qc1 {[%clk 00:04:10]} {[%emt 00:00:09]} Bb5
{[%clk 00:04:30]} {[%emt 00:00:05]} 19. R6xb5 {[%clk 00:03:48]} {[%emt
00:00:24]} axb5 {[%clk 00:04:31]} 20. Bxb5 {[%clk 00:03:48]} {[%emt 00:00:01]}
Qxc3 {[%clk 00:04:31]} {[%emt 00:00:02]} 21. Bd3 {[%clk 00:03:49]} {[%emt
00:00:01]} Rfc8 {[%clk 00:04:28]} {[%emt 00:00:06]} 22. Qe3 {[%clk 00:03:44]}
{[%emt 00:00:06]} h6 {[%clk 00:04:25]} {[%emt 00:00:05]} 23. h3 {[%clk
00:03:37]} {[%emt 00:00:09]} Qc5 {[%clk 00:04:23]} {[%emt 00:00:04]} 24. Qe2
{[%clk 00:03:36]} {[%emt 00:00:03]} Qd6 {[%clk 00:04:15]} {[%emt 00:00:09]} 25.
Re1 {[%clk 00:03:34]} {[%emt 00:00:05]} Re8 {[%clk 00:04:14]} {[%emt 00:00:03]}
26. c3 {[%clk 00:03:24]} {[%emt 00:00:12]} e5 {[%clk 00:04:13]} {[%emt
00:00:02]} 27. Bc2 {[%clk 00:03:19]} {[%emt 00:00:08]} Rbc8 {[%clk 00:04:12]}
{[%emt 00:00:04]} 28. Qd2 {[%clk 00:03:11]} {[%emt 00:00:09]} Qc5 {[%clk
00:04:10]} {[%emt 00:00:03]} 29. Re3 {[%clk 00:03:05]} {[%emt 00:00:10]} d4
{[%clk 00:04:10]} {[%emt 00:00:01]} 30. Qd3 {[%clk 00:02:54]} {[%emt 00:00:13]}
dxe3 {[%clk 00:04:07]} {[%emt 00:00:05]} 31. Qh7+ {[%clk 00:02:53]} {[%emt
00:00:03]} Kf8 {[%clk 00:04:08]} 32. fxe3 {[%clk 00:02:49]} {[%emt 00:00:06]}
Qxe3+ {[%clk 00:04:09]} {[%emt 00:00:01]} 33. Kh2 {[%clk 00:02:47]} {[%emt
00:00:04]} Qf4+ {[%clk 00:04:08]} {[%emt 00:00:03]} 34. Kg1 {[%clk 00:02:43]}
{[%emt 00:00:05]} Rxc3 {[%clk 00:04:06]} {[%emt 00:00:04]} 35. h4 {[%clk
00:02:35]} {[%emt 00:00:11]} Qc1+ {[%clk 00:03:55]} {[%emt 00:00:14]} 36. Kh2
{[%clk 00:02:34]} {[%emt 00:00:02]} Rxc2 {[%clk 00:03:55]} {[%emt 00:00:02]} 37.
Qe4 {[%clk 00:02:32]} {[%emt 00:00:04]} Qf4+ {[%clk 00:03:56]} {[%emt
00:00:01]} 38. Qxf4 {[%clk 00:02:32]} {[%emt 00:00:03]} exf4 {[%clk 00:03:57]}
39. h5 {[%clk 00:02:33]} {[%emt 00:00:01]} f3 {[%clk 00:03:57]} {[%emt
00:00:01]} 40. a4 {[%clk 00:02:32]} {[%emt 00:00:04]} f2 {[%clk 00:03:57]}
{[%emt 00:00:02]} 41. a5 {[%clk 00:02:32]} {[%emt 00:00:02]} f1=Q {[%clk
00:03:56]} {[%emt 00:00:03]} 42. a6 {[%clk 00:02:28]} {[%emt 00:00:06]} Qxg2#
{[%clk 00:03:55]} {[%emt 00:00:02]} 0-1

[Event "World Youth & Cadets Blitz Championships"]
[Site "Rhodes, Greece"]
[Date "2022.05.03"]
[Round "1.18"]
[White "Begmuratov, Khumoyun"]
[Black "Yedid, Lior"]
[Result "1-0"]
[TimeControl "5'/game & 2\"/move"]
[WhiteElo "1961"]
[BlackElo "1387"]

1. e4 {[%clk 00:05:03]} c5 {[%clk 00:05:02]} {[%emt 00:00:03]} 2. Nc3 {[%clk
00:05:02]} {[%emt 00:00:03]} Nc6 {[%clk 00:05:03]} {[%emt 00:00:01]} 3. g3
{[%clk 00:05:04]} e6 {[%clk 00:05:01]} {[%emt 00:00:04]} 4. Bg2 {[%clk
00:05:05]} Nge7 {[%clk 00:04:58]} {[%emt 00:00:05]} 5. Nge2 {[%clk 00:05:05]}
{[%emt 00:00:02]} g6 {[%clk 00:04:59]} 6. O-O {[%clk 00:05:06]} {[%emt
00:00:01]} Bg7 {[%clk 00:05:00]} {[%emt 00:00:01]} 7. d3 {[%clk 00:05:07]}
{[%emt 00:00:01]} O-O {[%clk 00:04:59]} {[%emt 00:00:02]} 8. Be3 {[%clk
00:05:07]} {[%emt 00:00:02]} b6 {[%clk 00:04:57]} {[%emt 00:00:04]} 9. d4
{[%clk 00:05:04]} {[%emt 00:00:06]} cxd4 {[%clk 00:04:55]} {[%emt 00:00:04]} 10.
Nxd4 {[%clk 00:05:04]} {[%emt 00:00:01]} Nxd4 {[%clk 00:04:55]} {[%emt
00:00:03]} 11. Bxd4 {[%clk 00:05:05]} Bxd4 {[%clk 00:04:54]} {[%emt 00:00:02]}
12. Qxd4 {[%clk 00:05:06]} {[%emt 00:00:01]} Nc6 {[%clk 00:04:55]} {[%emt
00:00:01]} 13. Qd2 {[%clk 00:04:50]} {[%emt 00:00:18]} Bb7 {[%clk 00:04:45]}
{[%emt 00:00:13]} 14. Rad1 {[%clk 00:04:48]} {[%emt 00:00:04]} Ne5 {[%clk
00:04:20]} {[%emt 00:00:27]} 15. Qd4 {[%clk 00:04:12]} {[%emt 00:00:38]} d6
{[%clk 00:03:36]} {[%emt 00:00:46]} 16. f4 {[%clk 00:04:02]} {[%emt 00:00:11]}
Ng4 {[%clk 00:03:04]} {[%emt 00:00:34]} 17. h3 {[%clk 00:04:03]} {[%emt
00:00:01]} e5 {[%clk 00:02:56]} {[%emt 00:00:10]} 18. Qd2 {[%clk 00:03:46]}
{[%emt 00:00:20]} exf4 {[%clk 00:02:00]} {[%emt 00:00:58]} 19. hxg4 {[%clk
00:03:47]} fxg3 {[%clk 00:02:01]} 20. g5 {[%clk 00:03:39]} {[%emt 00:00:10]} h6
{[%clk 00:01:57]} {[%emt 00:00:05]} 21. Ne2 {[%clk 00:03:25]} {[%emt 00:00:17]}
Ba6 {[%clk 00:01:50]} {[%emt 00:00:09]} 22. Rf3 {[%clk 00:03:05]} {[%emt
00:00:21]} Qc7 {[%clk 00:01:12]} {[%emt 00:00:40]} 23. Nxg3 {[%clk 00:03:00]}
{[%emt 00:00:08]} h5 {[%clk 00:01:03]} {[%emt 00:00:10]} 24. c3 {[%clk
00:02:53]} {[%emt 00:00:09]} Rad8 {[%clk 00:01:01]} {[%emt 00:00:04]} 25. Ne2
{[%clk 00:02:46]} {[%emt 00:00:10]} Qc6 {[%clk 00:00:53]} {[%emt 00:00:10]} 26.
Rf2 {[%clk 00:02:05]} {[%emt 00:00:43]} Qb5 {[%clk 00:00:47]} {[%emt 00:00:08]}
27. Nd4 {[%clk 00:02:05]} {[%emt 00:00:02]} Qe8 {[%clk 00:00:32]} {[%emt
00:00:17]} 28. Qf4 {[%clk 00:01:59]} {[%emt 00:00:07]} Qe5 {[%clk 00:00:27]}
{[%emt 00:00:07]} 29. Nc6 {[%clk 00:01:55]} {[%emt 00:00:07]} Qxf4 30. Rxf4
{[%clk 00:01:56]} Rd7 {[%clk 00:00:27]} 31. e5 {[%clk 00:01:57]} {[%emt
00:00:02]} d5 {[%clk 00:00:26]} {[%emt 00:00:02]} 32. Rxd5 {[%clk 00:01:52]}
{[%emt 00:00:07]} Rc7 {[%clk 00:00:24]} {[%emt 00:00:04]} 33. Nd4 {[%clk
00:01:49]} {[%emt 00:00:05]} Bb7 {[%clk 00:00:23]} {[%emt 00:00:03]} 34. Rd6
{[%clk 00:01:49]} {[%emt 00:00:02]} Ba6 {[%clk 00:00:18]} {[%emt 00:00:07]} 35.
e6 {[%clk 00:01:49]} {[%emt 00:00:02]} Bc4 {[%clk 00:00:11]} {[%emt 00:00:09]}
36. exf7+ {[%emt 00:00:05]} Rfxf7 {[%clk 00:00:11]} 37. Rxg6+ {[%clk 00:01:49]}
{[%emt 00:00:02]} Kg7 {[%clk 00:00:12]} {[%emt 00:00:03]} 38. Rh6 {[%clk
00:01:49]} Kg8 {[%clk 00:00:06]} {[%emt 00:00:11]} 39. Nf5 {[%clk 00:01:45]}
Rf6 {[%clk 00:00:07]} {[%emt 00:00:07]} 1-0

[Event "World Youth & Cadets Blitz Championships"]
[Site "Rhodes, Greece"]
[Date "2022.05.03"]
[Round "1.19"]
[White "Murawski, Jan"]
[Black "Balint, Peter"]
[Result "1-0"]
[TimeControl "5'/game & 2\"/move"]
[WhiteElo "1376"]
[BlackElo "1949"]

1. d4 {[%clk 00:05:03]} {[%emt 00:00:01]} Nf6 {[%clk 00:05:03]} {[%emt
00:00:01]} 2. c4 {[%clk 00:05:04]} e6 {[%clk 00:05:04]} {[%emt 00:00:01]} 3.
Nc3 {[%clk 00:05:05]} Bb4 {[%clk 00:05:06]} {[%emt 00:00:01]} 4. Nf3 {[%clk
00:05:06]} {[%emt 00:00:01]} O-O {[%clk 00:04:59]} {[%emt 00:00:08]} 5. g3
{[%clk 00:05:07]} b6 {[%clk 00:05:00]} {[%emt 00:00:01]} 6. Bg2 {[%clk
00:05:08]} Bb7 {[%clk 00:05:01]} 7. O-O {[%clk 00:05:07]} {[%emt 00:00:02]} c5
{[%clk 00:05:01]} {[%emt 00:00:03]} 8. Bg5 {[%clk 00:04:54]} {[%emt 00:00:15]}
h6 {[%clk 00:04:58]} {[%emt 00:00:04]} 9. Bf4 {[%clk 00:04:45]} {[%emt
00:00:11]} cxd4 {[%clk 00:04:25]} {[%emt 00:00:36]} 10. Nxd4 {[%clk 00:04:38]}
{[%emt 00:00:09]} Bxg2 {[%clk 00:04:25]} {[%emt 00:00:02]} 11. Kxg2 {[%clk
00:04:36]} {[%emt 00:00:04]} Bxc3 {[%clk 00:04:00]} {[%emt 00:00:27]} 12. bxc3
{[%clk 00:04:36]} {[%emt 00:00:02]} d5 {[%clk 00:03:39]} {[%emt 00:00:23]} 13.
Nb5 {[%clk 00:04:06]} {[%emt 00:00:32]} Na6 {[%clk 00:03:25]} {[%emt 00:00:16]}
14. cxd5 {[%clk 00:03:31]} {[%emt 00:00:38]} Nxd5 {[%clk 00:02:56]} {[%emt
00:00:31]} 15. Bd6 {[%clk 00:03:02]} {[%emt 00:00:31]} Re8 {[%clk 00:01:59]}
{[%emt 00:00:58]} 16. c4 {[%clk 00:03:03]} {[%emt 00:00:01]} Nf6 {[%clk
00:01:54]} {[%emt 00:00:07]} 17. Qa4 {[%clk 00:02:17]} {[%emt 00:00:48]} Nc5
{[%clk 00:00:54]} {[%emt 00:01:02]} 18. Bxc5 {[%clk 00:02:17]} {[%emt
00:00:02]} bxc5 {[%clk 00:00:55]} 19. Rad1 {[%clk 00:02:10]} {[%emt 00:00:09]}
Qb6 {[%clk 00:00:50]} {[%emt 00:00:07]} 20. f3 {[%clk 00:01:15]} {[%emt
00:00:57]} a6 {[%clk 00:00:48]} {[%emt 00:00:04]} 21. Nc3 {[%clk 00:01:01]}
{[%emt 00:00:17]} Qb2 {[%clk 00:00:31]} {[%emt 00:00:18]} 22. Qb3 {[%clk
00:00:54]} {[%emt 00:00:09]} Rab8 {[%clk 00:00:32]} {[%emt 00:00:01]} 23. Qxb2
{[%clk 00:00:51]} {[%emt 00:00:05]} Rxb2 {[%clk 00:00:32]} {[%emt 00:00:02]} 24.
Rb1 {[%clk 00:00:52]} {[%emt 00:00:02]} Rb4 {[%clk 00:00:19]} {[%emt 00:00:15]}
25. Rxb4 {[%clk 00:00:44]} {[%emt 00:00:10]} cxb4 {[%clk 00:00:20]} 26. Na4
{[%emt 00:00:05]} Rc8 {[%clk 00:00:17]} 27. c5 {[%clk 00:00:45]} {[%emt
00:00:01]} Kf8 {[%clk 00:00:14]} {[%emt 00:00:06]} 28. Rb1 {[%clk 00:00:39]}
{[%emt 00:00:09]} a5 {[%clk 00:00:15]} 29. Rd1 {[%clk 00:00:36]} {[%emt
00:00:04]} Nd5 {[%clk 00:00:16]} {[%emt 00:00:01]} 30. Kf2 {[%clk 00:00:34]}
{[%emt 00:00:05]} Ke7 {[%clk 00:00:16]} {[%emt 00:00:01]} 31. e4 {[%clk
00:00:35]} Nf6 {[%clk 00:00:09]} {[%emt 00:00:09]} 32. Rd6 {[%clk 00:00:27]}
{[%emt 00:00:10]} Nd7 {[%clk 00:00:09]} {[%emt 00:00:02]} 33. Rxd7+ {[%clk
00:00:17]} {[%emt 00:00:12]} Kxd7 {[%clk 00:00:09]} {[%emt 00:00:02]} 34. Nb6+
{[%clk 00:00:18]} Kc7 {[%emt 00:00:02]} 35. Nxc8 {[%clk 00:00:18]} {[%emt
00:00:01]} Kxc8 {[%clk 00:00:12]} 36. Ke3 {[%clk 00:00:19]} Kc7 {[%clk
00:00:13]} {[%emt 00:00:01]} 37. Kd4 {[%clk 00:00:21]} Kc6 {[%clk 00:00:15]} 38.
Kc4 {[%clk 00:00:22]} {[%emt 00:00:01]} f6 {[%clk 00:00:12]} {[%emt 00:00:04]}
39. f4 {[%clk 00:00:23]} h5 {[%clk 00:00:12]} {[%emt 00:00:02]} 40. h3 {[%clk
00:00:24]} {[%emt 00:00:01]} g6 {[%clk 00:00:11]} {[%emt 00:00:03]} 41. g4
{[%clk 00:00:24]} {[%emt 00:00:03]} h4 {[%clk 00:00:10]} {[%emt 00:00:02]} 42.
f5 {[%clk 00:00:11]} {[%emt 00:00:14]} exf5 {[%clk 00:00:06]} {[%emt 00:00:07]}
43. gxf5 {[%clk 00:00:08]} {[%emt 00:00:05]} gxf5 {[%clk 00:00:06]} {[%emt
00:00:03]} 44. exf5 {[%clk 00:00:08]} a4 {[%clk 00:00:05]} {[%emt 00:00:03]} 45.
Kxb4 {[%clk 00:00:09]} Kd5 {[%clk 00:00:06]} {[%emt 00:00:01]} 46. Kb5 {[%clk
00:00:10]} a3 {[%clk 00:00:07]} {[%emt 00:00:01]} 47. Kb4 {[%clk 00:00:09]}
{[%emt 00:00:04]} Kc6 {[%clk 00:00:08]} {[%emt 00:00:01]} 48. Kxa3 {[%clk
00:00:09]} Kxc5 {[%clk 00:00:09]} 49. Kb3 {[%clk 00:00:11]} Kb5 {[%clk
00:00:08]} {[%emt 00:00:03]} 50. a4+ {[%clk 00:00:12]} {[%emt 00:00:01]} Kc5
{[%emt 00:00:02]} 51. Kc3 {[%clk 00:00:12]} Kd5 {[%clk 00:00:10]} {[%emt
00:00:01]} 52. Kb4 {[%clk 00:00:12]} {[%emt 00:00:01]} Kc6 {[%clk 00:00:11]}
{[%emt 00:00:02]} 53. Kc4 {[%clk 00:00:13]} Kb6 {[%clk 00:00:11]} {[%emt
00:00:02]} 54. Kd5 {[%clk 00:00:15]} 1-0